[Event "Balkan Youth Online-ch 2020"]
[Site "Online"]
[Date "2020.10.31"]
[Round "1.16"]
[White "Tsarsitalidis, Christos"]
[Black "Boeru, Dragos-Matei"]
[Result "1-0"]
[WhiteElo "1786"]
[BlackElo "1756"]
[Annotator "NA RC"]
[PlyCount "125"]
[EventDate "2020.10.31"]
[EventType "swiss"]
[SourceTitle "playchess.com"]
[Source "ChessBase"]
[SourceQuality "1"]
[TimeControl "5400+30"]

1. e4 {[%emt 1:05:20]} c5 {[%emt 1:05:33]} 2. Nf3 {[%emt 0:00:23]} e6 {[%emt 0:00:22]} 3. c3 {[%emt 0:00:21]} a6 {[%emt 0:00:22]} 4. d4 {[%emt 0:00:50]} cxd4 {[%emt 0:00:23]} 5. cxd4 {[%emt 0:00:22]} b5 {[%emt 0:00:25]} 6. Bf4 {[%emt 0:00:43]} Bb7 {[%emt 0:00:31]} 7. Bd3 {[%emt 0:00:40]} Nf6 {[%emt 0:00:31]} 8. Qe2 {[%emt 0:00:48]} Be7 {[%emt 0:00:43]} 9. O-O {[%emt 0:00:29]} O-O {[%emt 0:00:23]} 10. Nbd2 {[%emt 0:00:24]} Nc6 {[%emt 0:00:24]} 11. Rac1 {[%emt 0:01:19]} Rc8 {[%emt 0:00:44]} 12. Bg5 {[%emt 0:01:07]} d5 {[%emt 0:01:03]} 13. Bxf6 {[%emt 0:00:48]} Bxf6 {[%emt 0:00:22]} 14. e5 {[%emt 0:00:23]} Bg5 {[%emt 0:01:39]} 15. Nxg5 {[%emt 0:01:05]} Qxg5 {[%emt 0:00:23]} 16. f4 {[%emt 0:00:30]} Qe7 {[%emt 0:00:30]} 17. Nf3 {[%emt 0:00:25]} h6 {[%emt 0:00:23]} 18. Qf2 {[%emt 0:02:42]} Nb4 {[%emt 0:00:59]} 19. Bb1 {[%emt 0:00:24]} Rxc1 {[%emt 0:01:13]} 20. Rxc1 {[%emt 0:00:23]} Rc8 {[%emt 0:00:27]} 21. Rxc8+ {[%emt 0:00:22]} Bxc8 {[%emt 0:00:23]} 22. a3 {[%emt 0:00:21]} Nc6 {[%emt 0:00:59]} 23. Qc2 {[%emt 0:00:23]} Qc7 {[%emt 0:00:40]} 24. Qh7+ {[%emt 0:00:57]} Kf8 {[%emt 0:00:23]} 25. Qh8+ {[%emt 0:00:29]} Ke7 {[%emt 0:00:25]} 26. Qxg7 {[%emt 0:00:28]} Nxd4 {[%emt 0:02:31]} 27. Nxd4 {[%emt 0:04:50]} Qc5 {[%emt 0:03:12]} 28. f5 {[%emt 0:05:20]} Qxd4+ {[%emt 0:00:30]} 29. Kf1 {[%emt 0:00:23]} Qf4+ {[%emt 0:03:24]} 30. Ke2 {[%emt 0:00:31]} exf5 {[%emt 0:00:52]} 31. Qf6+ {[%emt 0:01:18]} Ke8 {[%emt 0:00:38]} 32. Qc6+ {[%emt 0:00:25]} Bd7 {[%emt 0:00:30]} 33. Qa8+ {[%emt 0:02:35]} Ke7 {[%emt 0:00:26]} 34. Qxd5 {[%emt 0:00:24]} Qc4+ {[%emt 0:02:34]} 35. Qxc4 {[%emt 0:00:23]} bxc4 {[%emt 0:00:22]} 36. Ke3 {[%emt 0:00:40]} f6 {[%emt 0:01:11]} 37. Kd4 {[%emt 0:01:10]} Be6 {[%emt 0:00:30]} 38. exf6+ {[%emt 0:02:31]} Kxf6 {[%emt 0:00:24]} 39. Kc3 {[%emt 0:00:22]} Bd5 {[%emt 0:00:35]} 40. g3 {[%emt 0:00:25]} Kg5 {[%emt 0:00:24]} 41. Ba2 {[%emt 0:00:26]} Kg4 {[%emt 0:00:42]} 42. Bxc4 {[%emt 0:00:34]} Bxc4 {[%emt 0:00:22]} 43. Kxc4 {[%emt 0:00:21]} Kh3 {[%emt 0:00:21]} 44. b4 {[%emt 0:00:21]} Kxh2 {[%emt 0:00:22]} 45. a4 {[%emt 0:00:30]} Kxg3 {[%emt 0:00:23]} 46. b5 {[%emt 0:00:21]} axb5+ {[%emt 0:00:42]} 47. axb5 {[%emt 0:00:22]} f4 {[%emt 0:00:29]} 48. b6 {[%emt 0:00:21]} f3 {[%emt 0:00:21]} 49. b7 {[%emt 0:00:21]} f2 {[%emt 0:00:23]} 50. b8=Q+ {[%emt 0:00:22]} Kg2 {[%emt 0:00:22]} 51. Qg8+ {[%emt 0:00:22]} Kh2 {[%emt 0:00:22]} 52. Qf8 {[%emt 0:00:35]} Kg2 {[%emt 0:00:26]} 53. Qg7+ {[%emt 0:00:22]} Kf3 {[%emt 0:00:26]} 54. Qf6+ {[%emt 0:00:27]} Kg2 {[%emt 0:00:39]} 55. Qg6+ {[%emt 0:00:23]} Kh2 {[%emt 0:00:45]} 56. Qh5+ {[%emt 0:01:06]} Kg3 {[%emt 0:00:35]} 57. Qh1 {[%emt 0:00:55]} h5 {[%emt 0:00:28]} 58. Kd3 {[%emt 0:00:21]} h4 {[%emt 0:00:21]} 59. Ke2 {[%emt 0:00:27]} h3 {[%emt 0:00:26]} 60. Qf3+ {[%emt 0:00:33]} Kh2 {[%emt 0:00:22]} 61. Qxf2+ {[%emt 0:00:22]} Kh1 {[%emt 0:00:21]} 62. Kf1 {[%emt 0:00:25]} h2 {[%emt 0:00:22]} 63. Qg2# {[%emt 0:00:21]} 1-0

[Event "Balkan Youth Online-ch 2020"]
[Site "Online"]
[Date "2020.10.31"]
[Round "1.18"]
[White "Pehlivan, Mert"]
[Black "Kalin, Andrei"]
[Result "1-0"]
[WhiteElo "1653"]
[BlackElo "1426"]
[Annotator "NA RC"]
[PlyCount "33"]
[EventDate "2020.10.31"]
[EventType "swiss"]
[SourceTitle "playchess.com"]
[Source "ChessBase"]
[SourceQuality "1"]
[TimeControl "5400+30"]

1. e4 {[%emt 1:05:20]} c5 {[%emt 1:05:22]} 2. Nf3 {[%emt 0:00:24]} d6 {[%emt 0:00:22]} 3. d4 {[%emt 0:00:22]} cxd4 {[%emt 0:00:21]} 4. Qxd4 {[%emt 0:00:22]} Nc6 {[%emt 0:00:27]} 5. Bb5 {[%emt 0:00:23]} Bd7 {[%emt 0:00:23]} 6. Bxc6 {[%emt 0:00:22]} bxc6 {[%emt 0:00:23]} 7. c4 {[%emt 0:00:23]} Nf6 {[%emt 0:00:25]} 8. Nc3 {[%emt 0:00:23]} e5 {[%emt 0:01:07]} 9. Qd3 {[%emt 0:00:25]} Be7 {[%emt 0:00:23]} 10. Bg5 {[%emt 0:00:35]} Nh5 {[%emt 0:01:57]} 11. Bxe7 {[%emt 0:01:32]} Qxe7 {[%emt 0:00:23]} 12. O-O-O {[%emt 0:00:37]} d5 {[%emt 0:01:36]} 13. exd5 {[%emt 0:01:33]} Nf4 {[%emt 0:01:30]} 14. Qd2 {[%emt 0:03:44]} cxd5 {[%emt 0:01:40]} 15. Nxd5 {[%emt 0:01:31]} Nxd5 {[%emt 0:00:27]} 16. Qxd5 {[%emt 0:00:38]} Bg4 {[%emt 0:00:54]} 17. Qxa8+ {[%emt 0:00:35]} 1-0

[Event "Balkan Youth Online-ch 2020"]
[Site "Online"]
[Date "2020.10.31"]
[Round "1.19"]
[White "Papaioannou, Dimitrios"]
[Black "Ivanov, Svetlen"]
[Result "1-0"]
[WhiteElo "1924"]
[BlackElo "1781"]
[Annotator "TA"]
[PlyCount "27"]
[EventDate "2020.10.31"]
[EventType "swiss"]
[SourceTitle "playchess.com"]
[Source "ChessBase"]
[SourceQuality "1"]

{[%evp 11,27,20,70,45,74,62,26,37,124,109,136,156,175,172,381,396,888,885]} 1. e4 c5 2. Nf3 e6 3. d4 cxd4 4. Nxd4 Nf6 5. Nc3 d6 6. g4 e5 7. Bb5+ {B81: Sicilian Scheveningen: Keres Attack.} Bd7 8. Bxd7+ Qxd7 9. Nf5 {White has an edge.} g6 ({Black should try} 9... h5 $1 $14) 10. Bg5 $16 Nxg4 11. Qxg4 gxf5 12. Qh4 ({Don't do} 12. Qxf5 $6 Qxf5 13. exf5 Rg8 $14) ({Resist} 12. exf5 $6 Qc6 $14) 12... Be7 $2 {[#]} (12... Rg8 {was necessary.}) 13. Nd5 $18 {[%cal Rg5e7] [#]} Nc6 $146 (13... Bd8 14. O-O-O Nc6) ({Predecessor:} 13... Bxg5 14. Qxg5 Kf8 15. Qh6+ {1-0 (15) Kotronias,V (2570)-Saltis,V Karditsa 1995}) 14. Bxe7 1-0

[Event "Balkan Youth Online-ch 2020"]
[Site "Online"]
[Date "2020.10.31"]
[Round "1.20"]
[White "Lavrencic, Matic"]
[Black "Markov, Daniel"]
[Result "1-0"]
[WhiteElo "2018"]
[BlackElo "1386"]
[Annotator "TA"]
[PlyCount "75"]
[EventDate "2020.10.31"]
[EventType "swiss"]
[SourceTitle "playchess.com"]
[Source "ChessBase"]
[SourceQuality "1"]

{[%evp 12,74,24,9,12,2,6,0,-1,-4,0,-10,36,0,7,11,0,-24,-24,-47,-49,-43,0,-25,-16,-28,-19,-31,-26,-28,0,-20,0,-12,-8,-25,0,0,0,3,0,6,49,-15,78,62,64,0,14,-129,-164,-153,29987,29988,29988,29989,29988,29989,29968,29969,29981,29982,29996,29997,29999]} 1. e4 c5 2. Nf3 d6 3. Bb5+ Bd7 4. Bxd7+ Nxd7 5. O-O Ngf6 6. Re1 e6 7. c3 a6 {B52: Sicilian: Moscow Variation with 3...Bd7.} 8. d4 {[#]} Be7 $146 ({Predecessor:} 8... Qc7 9. h3 Be7 10. Bf4 e5 11. Bh2 O-O 12. Nbd2 b5 13. Nf1 Rac8 14. d5 g6 {1-0 (31) Reichel,J (1950)-Wend,U (2016) Playchess.com INT 2020}) 9. Nbd2 O-O {The position is equal.} 10. b3 b5 11. Bb2 Nb6 12. Qe2 d5 13. e5 Nfd7 14. Nf1 c4 15. Ng3 a5 16. Nd2 a4 17. bxc4 Nxc4 18. Nxc4 bxc4 19. Qg4 Rb8 20. Bc1 {[#] Hoping for Bh6!} Re8 21. Bh6 {[%csl Gh6][%cal Rg4g7]} g6 $1 22. f4 Bf8 23. Bxf8 Rxf8 24. f5 Qe7 $1 25. f6 Qa3 26. Qg5 {Qh6 would kill now.} Rfe8 ({But not} 26... Qxc3 $2 27. Ne2 $18) (26... Kh8 $5 {[%cal Ra3c3]}) 27. Nh5 ({White should play} 27. h4 $14) 27... Rb2 ({Not} 27... Qxc3 28. Qh6 Qe3+ 29. Rxe3 Rb1+ 30. Rxb1 gxh5 31. Qg7#) (27... Kh8 $1 $11) 28. Qh6 $36 {[%csl Gf6,Gh5][%cal Rh6g7][%mdl 2048] White is more active.} Qf8 29. Ng7 {Threatens to win with Re3.} Reb8 30. Rac1 (30. h4 $11) 30... Rxa2 $17 {...Rbb2 is the strong threat.} 31. Re3 {White wants to mate with Rh3.} Rbb2 $2 {[#] Loses the game.} (31... Kh8 $17 32. h4 a3) 32. Rh3 {[%csl Gh3][%cal Rh6h7] White mates.} Rxg2+ 33. Kh1 {[%csl Gh3][%cal Rh6h7]} Rxh2+ 34. Rxh2 Rxh2+ 35. Kxh2 a3 36. Rh1 a2 37. Kg2 {[%csl Gh1][%cal Rh6h7]} a1=Q 38. Qxh7# {Av CentiPawn Loss W=-14/B=-42. Weighted=-17/-39} 1-0

[Event "Balkan Youth Online-ch 2020"]
[Site "Online"]
[Date "2020.10.31"]
[Round "1.22"]
[White "Cimperman, Teo"]
[Black "Dragicevic, Niksa"]
[Result "1-0"]
[WhiteElo "1488"]
[BlackElo "1068"]
[Annotator "NA RC"]
[PlyCount "111"]
[EventDate "2020.10.31"]
[EventType "swiss"]
[SourceTitle "playchess.com"]
[Source "ChessBase"]
[SourceQuality "1"]
[TimeControl "5400+30"]

1. e4 {[%emt 1:05:20]} e5 {[%emt 1:05:23]} 2. Nf3 {[%emt 0:00:22]} Nc6 {[%emt 0:00:22]} 3. Bc4 {[%emt 0:00:28]} Bc5 {[%emt 0:00:24]} 4. Nc3 {[%emt 0:00:29]} Nf6 {[%emt 0:00:24]} 5. d3 {[%emt 0:00:34]} h6 {[%emt 0:00:25]} 6. Be3 {[%emt 0:00:22]} Bb6 {[%emt 0:00:30]} 7. O-O {[%emt 0:00:23]} O-O {[%emt 0:00:26]} 8. h3 {[%emt 0:00:24]} d6 {[%emt 0:00:25]} 9. Qd2 {[%emt 0:00:23]} Be6 {[%emt 0:00:36]} 10. Bb3 {[%emt 0:00:31]} Ba5 {[%emt 0:01:41]} 11. Rfe1 {[%emt 0:00:43]} Bxb3 {[%emt 0:01:18]} 12. axb3 {[%emt 0:00:25]} Bb6 {[%emt 0:00:27]} 13. d4 {[%emt 0:00:42]} Qe7 {[%emt 0:02:11]} 14. d5 {[%emt 0:01:05]} Bxe3 {[%emt 0:00:39]} 15. Rxe3 {[%emt 0:00:29]} Nb4 {[%emt 0:01:06]} 16. Ne2 {[%emt 0:00:44]} Na6 {[%emt 0:00:36]} 17. Ng3 {[%emt 0:00:24]} g6 {[%emt 0:01:17]} 18. Ree1 {[%emt 0:00:41]} Kh7 {[%emt 0:01:37]} 19. Nh4 {[%emt 0:00:39]} Ng8 {[%emt 0:03:54]} 20. Nf3 {[%emt 0:00:38]} Nf6 {[%emt 0:01:11]} 21. b4 {[%emt 0:01:21]} Rac8 {[%emt 0:01:37]} 22. b5 {[%emt 0:00:23]} Nc5 {[%emt 0:00:24]} 23. b4 {[%emt 0:00:23]} Ncd7 {[%emt 0:00:24]} 24. c4 {[%emt 0:00:23]} Ra8 {[%emt 0:00:43]} 25. Qc2 {[%emt 0:00:35]} Rfc8 {[%emt 0:02:05]} 26. Rec1 {[%emt 0:00:30]} c6 {[%emt 0:01:08]} 27. bxc6 {[%emt 0:00:38]} bxc6 {[%emt 0:00:24]} 28. Qd3 {[%emt 0:00:23]} cxd5 {[%emt 0:00:43]} 29. cxd5 {[%emt 0:00:26]} Nb6 {[%emt 0:00:51]} 30. b5 {[%emt 0:00:45]} Rc7 {[%emt 0:01:16]} 31. Rc6 {[%emt 0:00:31]} Rac8 {[%emt 0:01:23]} 32. Rac1 {[%emt 0:00:31]} Na4 {[%emt 0:01:21]} 33. Rxc7 {[%emt 0:00:43]} Rxc7 {[%emt 0:00:26]} 34. Rc6 {[%emt 0:00:25]} Nc5 {[%emt 0:00:33]} 35. Qc2 {[%emt 0:00:26]} Rxc6 {[%emt 0:01:17]} 36. bxc6 {[%emt 0:00:31]} Qc7 {[%emt 0:00:29]} 37. Qb2 {[%emt 0:00:58]} Ne8 {[%emt 0:01:26]} 38. Nd2 {[%emt 0:01:00]} Qb6 {[%emt 0:00:46]} 39. Qxb6 {[%emt 0:02:37]} axb6 {[%emt 0:00:25]} 40. Ne2 {[%emt 0:00:23]} Nc7 {[%emt 0:00:39]} 41. Nc4 {[%emt 0:01:11]} b5 {[%emt 0:01:02]} 42. Nxd6 {[%emt 0:00:33]} b4 {[%emt 0:00:36]} 43. Nc4 {[%emt 0:00:23]} Nxe4 {[%emt 0:00:37]} 44. d6 {[%emt 0:00:29]} Ne6 {[%emt 0:00:23]} 45. c7 {[%emt 0:00:43]} Nxd6 {[%emt 0:00:31]} 46. Nxd6 {[%emt 0:00:34]} Nxc7 {[%emt 0:00:24]} 47. Nxf7 {[%emt 0:00:24]} Nd5 {[%emt 0:00:22]} 48. Nxe5 {[%emt 0:00:23]} b3 {[%emt 0:00:22]} 49. Nc4 {[%emt 0:00:26]} g5 {[%emt 0:00:28]} 50. Nd4 {[%emt 0:00:24]} Nb6 {[%emt 0:00:38]} 51. Nb2 {[%emt 0:00:31]} Kg6 {[%emt 0:00:26]} 52. Nxb3 {[%emt 0:00:23]} Nd5 {[%emt 0:00:23]} 53. Nd3 {[%emt 0:00:31]} Nc3 {[%emt 0:00:22]} 54. f3 {[%emt 0:00:30]} Ne2+ {[%emt 0:00:22]} 55. Kf2 {[%emt 0:00:23]} Nd4 {[%emt 0:00:24]} 56. Nxd4 {[%emt 0:00:23]} 1-0

[Event "Balkan Youth Online-ch 2020"]
[Site "Online"]
[Date "2020.10.31"]
[Round "1.23"]
[White "Dobre, Radu-Fabian"]
[Black "Herega, Nejc"]
[Result "0-1"]
[WhiteElo "2050"]
[BlackElo "2052"]
[Annotator "TA"]
[PlyCount "70"]
[EventDate "2020.10.31"]
[EventType "swiss"]
[SourceTitle "playchess.com"]
[Source "ChessBase"]
[SourceQuality "1"]

{[%evp 16,70,4,2,4,-3,22,6,72,60,82,86,76,81,75,70,89,72,59,59,57,30,68,54,76,51,138,158,136,137,189,187,260,257,230,85,104,0,0,-370,-363,-362,-354,-400,-400,-362,-382,-380,-377,-955,-954,-862,-831,-5161,-5025,-1602,-1525]} 1. e4 c5 2. Nf3 d6 3. Bb5+ Bd7 4. Bxd7+ Nxd7 5. O-O Ngf6 6. Re1 e6 7. c3 Be7 8. d4 O-O 9. e5 Ne8 {B52: Sicilian: Moscow Variation with 3...Bd7.} 10. Qe2 {[#]} Nc7 $146 ({Predecessor:} 10... cxd4 11. cxd4 Nb6 12. Qe4 Qd7 13. Bg5 Nd5 14. Nbd2 Rc8 15. Nf1 h6 16. Bxe7 Nxe7 17. Ng3 {½-½ (34) Nakamura,H (2736)-Ding,L (2791) chess24.com INT 2020}) 11. Bf4 Nb6 (11... dxe5 $11 12. Bxe5 Nd5) 12. dxc5 $16 dxc5 13. c4 Qd7 14. Nc3 {[%cal Bb1c3,Bc3e4,Be4d6][%mdl 32]} Rfd8 15. Rad1 Qc6 16. b3 Rxd1 17. Rxd1 Rd8 18. Bg5 Qe8 19. Ne4 Rxd1+ 20. Qxd1 Nd7 {[#]} (20... Bf8 $14) 21. Bxe7 $1 Qxe7 {[#]} 22. Nd6 $1 f6 (22... Na6 $16 {was necessary.} 23. Nc8 (23. Nxb7 Nb4 $16) 23... Qd8 24. Nxa7 Nc7) 23. Nxb7 $18 Nxe5 (23... Na6 $142 24. exf6 gxf6) 24. Nxe5 fxe5 25. Nd8 (25. Qd8+ $18 Qxd8 26. Nxd8) 25... Ne8 $16 26. Nc6 ({Better is} 26. f3 $16) 26... Qc7 $11 27. Qd8 $2 {[%mdl 8192]} (27. Nd8 $1 $11 {and White stays safe.} Qc8 28. g4) 27... Qxc6 $19 28. Qb8 Qd7 {[%cal Rd7d1]} 29. h3 Kf7 30. Qxe5 Qd1+ 31. Kh2 Qd6 32. f4 $2 (32. Qg3) 32... Qxe5 {Black is clearly winning.} 33. fxe5 Kg6 34. g4 h5 35. Kg3 hxg4 {Av CentiPawn Loss W=44/B=-21. Weighted=-48/-22} 0-1

[Event "Balkan Youth Online-ch 2020"]
[Site "Online"]
[Date "2020.10.31"]
[Round "1.23"]
[White "Milovic, Ilija"]
[Black "Markosek, Bine"]
[Result "0-1"]
[WhiteElo "1044"]
[BlackElo "1287"]
[Annotator "NA RC"]
[PlyCount "108"]
[EventDate "2020.10.31"]
[EventType "swiss"]
[SourceTitle "playchess.com"]
[Source "ChessBase"]
[SourceQuality "1"]
[TimeControl "5400+30"]

1. e4 {[%emt 1:05:20]} e5 {[%emt 1:05:26]} 2. f4 {[%emt 0:00:32]} Bc5 {[%emt 0:00:27]} 3. Nf3 {[%emt 0:00:37]} d6 {[%emt 0:00:39]} 4. Nc3 {[%emt 0:00:48]} Nc6 {[%emt 0:00:30]} 5. Na4 {[%emt 0:00:57]} Bb6 {[%emt 0:00:47]} 6. Nxb6 {[%emt 0:00:30]} axb6 {[%emt 0:00:24]} 7. Bb5 {[%emt 0:00:28]} Bg4 {[%emt 0:00:41]} 8. O-O {[%emt 0:00:44]} Nge7 {[%emt 0:00:31]} 9. d4 {[%emt 0:00:47]} exd4 {[%emt 0:00:35]} 10. Qxd4 {[%emt 0:00:31]} O-O {[%emt 0:00:25]} 11. Qc3 {[%emt 0:00:39]} f5 {[%emt 0:03:01]} 12. e5 {[%emt 0:03:25]} dxe5 {[%emt 0:00:31]} 13. Nxe5 {[%emt 0:00:35]} Nxe5 {[%emt 0:00:49]} 14. Qxe5 {[%emt 0:01:03]} Qd6 {[%emt 0:01:19]} 15. Re1 {[%emt 0:02:22]} Nc6 {[%emt 0:02:46]} 16. Bc4+ {[%emt 0:00:55]} Kh8 {[%emt 0:00:26]} 17. Qxd6 {[%emt 0:01:50]} cxd6 {[%emt 0:00:26]} 18. h3 {[%emt 0:01:20]} Bh5 {[%emt 0:00:27]} 19. Bd5 {[%emt 0:01:27]} Nb4 {[%emt 0:01:57]} 20. Bb3 {[%emt 0:01:32]} Bf7 {[%emt 0:01:04]} 21. Bd2 {[%emt 0:02:24]} Bxb3 {[%emt 0:02:18]} 22. Bxb4 {[%emt 0:00:43]} Bxc2 {[%emt 0:00:34]} 23. Bxd6 {[%emt 0:00:40]} Rfd8 {[%emt 0:00:52]} 24. Rac1 {[%emt 0:00:47]} Be4 {[%emt 0:00:31]} 25. Be5 {[%emt 0:00:42]} Rd2 {[%emt 0:01:14]} 26. Rxe4 {[%emt 0:01:34]} fxe4 {[%emt 0:00:28]} 27. Rc7 {[%emt 0:00:26]} Rg8 {[%emt 0:00:32]} 28. Rxb7 {[%emt 0:00:38]} e3 {[%emt 0:00:25]} 29. Bc3 {[%emt 0:01:03]} Rd1+ {[%emt 0:00:26]} 30. Kh2 {[%emt 0:00:35]} h5 {[%emt 0:01:50]} 31. Re7 {[%emt 0:00:56]} Rd3 {[%emt 0:00:32]} 32. f5 {[%emt 0:00:43]} Kh7 {[%emt 0:04:02]} 33. f6 {[%emt 0:00:50]} Kg6 {[%emt 0:00:27]} 34. fxg7 {[%emt 0:01:30]} h4 {[%emt 0:01:50]} 35. Re4 {[%emt 0:01:40]} Kf5 {[%emt 0:01:07]} 36. Rxh4 {[%emt 0:01:53]} Rxc3 {[%emt 0:00:49]} 37. bxc3 {[%emt 0:01:02]} e2 {[%emt 0:00:24]} 38. Rh8 {[%emt 0:01:09]} e1=Q {[%emt 0:00:29]} 39. Rxg8 {[%emt 0:00:29]} Qe5+ {[%emt 0:00:25]} 40. Kg1 {[%emt 0:00:47]} Kg6 {[%emt 0:00:28]} 41. Rh8 {[%emt 0:00:48]} Kxg7 {[%emt 0:00:27]} 42. Rh4 {[%emt 0:00:34]} Qc5+ {[%emt 0:00:24]} 43. Kh2 {[%emt 0:00:40]} Qe5+ {[%emt 0:00:26]} 44. g3 {[%emt 0:00:41]} Qxc3 {[%emt 0:00:28]} 45. Rg4+ {[%emt 0:00:32]} Kf6 {[%emt 0:00:24]} 46. Rf4+ {[%emt 0:00:36]} Ke5 {[%emt 0:00:23]} 47. h4 {[%emt 0:00:31]} Qc2+ {[%emt 0:00:26]} 48. Kh3 {[%emt 0:00:27]} Qxa2 {[%emt 0:00:23]} 49. h5 {[%emt 0:00:30]} b5 {[%emt 0:00:35]} 50. h6 {[%emt 0:00:39]} Qe6+ {[%emt 0:00:24]} 51. Rg4 {[%emt 0:00:37]} Qxh6+ {[%emt 0:00:22]} 52. Rh4 {[%emt 0:00:26]} Qe6+ {[%emt 0:00:24]} 53. Rg4 {[%emt 0:00:30]} b4 {[%emt 0:00:23]} 54. Kh4 {[%emt 0:00:26]} Qh6# {[%emt 0:00:24]} 0-1

[Event "Balkan Youth Online-ch 2020"]
[Site "Online"]
[Date "2020.10.31"]
[Round "1.24"]
[White "Skrbec, Leon"]
[Black "Yavuz, Efe Metehan"]
[Result "0-1"]
[WhiteElo "1964"]
[BlackElo "1981"]
[Annotator "TA"]
[PlyCount "82"]
[EventDate "2020.10.31"]
[EventType "swiss"]
[SourceTitle "playchess.com"]
[Source "ChessBase"]
[SourceQuality "1"]

{[%evp 11,82,31,41,19,36,33,64,50,48,0,14,-28,-24,-31,-35,-19,-14,-26,-17,-41,-11,-78,8,0,0,0,0,0,67,60,68,55,116,-19,-3,-10,0,0,0,-85,-104,-332,-337,-317,-336,-321,-307,-306,-260,-284,-291,-270,-268,-262,-265,-312,-317,-295,-166,-192,-160,-163,-159,-164,-158,-402,-393,-591,-515,-766,-730,-29996,-29997]} 1. e4 g6 2. d4 Bg7 3. Nc3 c6 4. f4 d5 5. e5 Nh6 6. Nf3 O-O 7. Bd3 {B15: Caro-Kann: 3 Nc3: 3...g6 and 3...dxe4 4 Nxe4 Nf6 5 Nxf6+ exf6.} f6 8. O-O Nf7 9. h3 {White is slightly better.} fxe5 {[#]} 10. fxe5 $146 ({Predecessor:} 10. dxe5 b6 11. Ne2 Na6 12. Ned4 Qe8 13. c4 Nc5 14. Be2 Kh8 15. Nb3 Ne4 16. cxd5 {½-½ (52) Dumitrica,S-Stanciu,A ICCF email 2006}) 10... c5 $1 11. Be3 cxd4 12. Bxd4 Nc6 13. Bb5 Nxd4 14. Qxd4 e6 15. Rad1 Qc7 16. Rfe1 (16. Rde1 $11) 16... Bd7 (16... a6 $17 17. Bd3 Bd7) 17. Bxd7 $11 Qxd7 18. Ne4 {[%mdl 64] Pin} Qc7 19. Nf6+ Bxf6 (19... Kh8 $11) 20. exf6 $14 Rae8 21. c3 Nd6 (21... Qd8 $14) 22. Qe5 (22. Ng5 $16 Nf5 23. Qf2 Rxf6 24. Rxd5 $1 {[%mdl 576] Pin}) 22... Qb6+ $11 23. Kh1 Nf7 $36 {[%mdl 2048] Black has good play.} 24. Qe2 Nd6 {Hoping for ...Ne4.} 25. Ne5 (25. Qe5 $11 {remains equal.}) 25... Ne4 $17 {aiming for ...Ng3+.} 26. Rd3 $2 (26. Nd7 $17 Qc7 27. Kg1) 26... Nf2+ $19 {[%mdl 64] Double Attack} ({Not} 26... Rxf6 27. Nd7 $11) (26... Nxf6 27. Rf1 $17) 27. Kh2 {Black must now prevent Rf3.} Nxd3 28. Qxd3 Rxf6 29. Ng4 Qc7+ 30. Kh1 Rf4 31. g3 Rff8 32. Qd4 {[%cal Rg4h6]} Qg7 {...Qxd4 is the strong threat.} 33. Qxa7 h5 34. Ne5 Rf5 (34... Ra8 $142 35. Qb6 Ra6) 35. Qe3 Qf6 36. Kg2 Rf8 37. Re2 {[#] Threatening Nd7.} Qg7 $1 38. Nd3 $2 {[#] White does not recover from this.} (38. a3 $17) 38... e5 $1 39. Qc5 (39. Rf2 $142 Qf6 40. Qe2) (39. Nxe5 Re8) 39... Qf7 40. Nb4 {[#]} d4 $1 {( -> ...Rf2+)} 41. cxd4 Rf2+ {[%mdl 64] Double Attack. Av CentiPawn Loss W=-68/B=-18. Weighted=-96/-20} 0-1

[Event "Balkan Youth Online-ch 2020"]
[Site "Online"]
[Date "2020.10.31"]
[Round "1.25"]
[White "Creanga, Robert-Ionut"]
[Black "Xhembulla, Aleksander"]
[Result "1-0"]
[WhiteElo "2053"]
[BlackElo "1739"]
[Annotator "TA"]
[PlyCount "89"]
[EventDate "2020.10.31"]
[EventType "swiss"]
[SourceTitle "playchess.com"]
[Source "ChessBase"]
[SourceQuality "1"]

{[%evp 20,89,45,47,76,50,63,75,86,81,90,29,76,75,85,81,107,106,136,97,139,147,168,127,154,115,120,142,254,234,299,240,211,206,216,126,187,146,129,0,0,0,0,0,16,0,0,0,233,113,156,154,158,161,152,140,177,148,135,135,323,157,358,208,208,208,208,208,1868,1641,29999,29999]} 1. d4 Nf6 2. c4 c5 3. d5 e6 4. Nc3 exd5 5. cxd5 d6 6. e4 g6 7. Nge2 Bg7 8. Ng3 O-O 9. Be2 a6 10. a4 Nbd7 11. O-O Qc7 {A65: Modern Benoni: 6 e4.} 12. Be3 Re8 13. f3 b6 {White is better.} 14. Qd2 Bb7 {[#]} 15. Bc4 $146 ({White should try} 15. Nh1 $16) ({Predecessor:} 15. Rac1 Rad8 16. b3 Ne5 17. h3 Re7 18. Bh6 Ne8 19. Bxg7 Nxg7 20. f4 Nd7 21. Bc4 {1-0 (35) Martinovic,S (2504)-Tomas,A Sv Filip i Jakov 2011}) 15... h5 16. Nh1 Kh7 17. Nf2 Re7 18. Bg5 Ree8 19. Rae1 Ng8 20. f4 Nh6 21. e5 dxe5 22. d6 Qc8 23. Nd5 {Ne7 is the strong threat.} Bxd5 (23... Nf5 $16) 24. Bxd5 $18 Rb8 {intending ...f6.} 25. Bxh6 Bxh6 26. Bxf7 Rf8 {[#]} 27. Be6 (27. Bxg6+ $1 $18 {[%mdl 512]} Kxg6 28. Qc2+ Kg7 29. fxe5) 27... Qe8 (27... Rxf4 $16 28. Qd5 Rd4) 28. Bxd7 Qxd7 {[#]} 29. Nh3 ({Better is} 29. Qd5 $1 $16) 29... Rbd8 $11 30. Rxe5 Qxd6 31. Qe2 Rd7 32. Re6 Qd4+ 33. Kh1 Rb7 $2 (33... Rf5 $11 {and Black has nothing to worry.}) 34. Qxa6 (34. f5 $18 Qg4 35. fxg6+ (35. Qxa6 Rg7 $16) 35... Kg8 36. Rxf8+ Bxf8 37. Qe3 (37. Qxa6 Qxe6 38. Qxb7 Qxg6 $16)) 34... Qd7 35. Rxb6 Rxb6 36. Qxb6 Qxa4 37. Qxc5 Rf7 38. Qd5 Rd7 39. Qe6 Qd4 $2 (39... Qb5 $16 {was worth a try.} 40. Rb1 Qd3) 40. b3 (40. f5 $18 {and White stays clearly on top.} Rg7 41. f6) 40... Rb7 $2 {Black cannot hold the game after this.} (40... Qd5 $16 41. Qxd5 Rxd5) 41. Ng5+ (41. f5 $142 Qg7 42. fxg6+ Qxg6 {[#]} 43. Rf6 $1 {[%mdl 512]} Qb1+ 44. Ng1) 41... Bxg5 $18 42. fxg5 {aiming for Rf7+.} Qb4 43. h3 Qxb3 $2 {[#]} (43... Rc7 44. Kh2 Rb7) 44. Rf7+ $1 {[%mdl 512]} Kh8 (44... Rxf7 45. Qxb3) 45. Qf6+ {Av CentiPawn Loss W=-36/B=-93. Weighted=-47/-128} 1-0